000 05561cam a22006254i 4500
001 u166774
003 PE-LiUPU
005 20251217164025.0
008 150706s2008 flu r 000 0 spa d
020 _a9789877983258
040 _aPE-LiUPU
_bspa
_cPE-LiUPU
_erda
_dPE-LiUPU
049 _aPRUA
082 0 4 _a286.7325
_bDTG
_223
100 1 _aWhite, Elena G. de,
_eautor.
_d1827 -1915
245 1 3 _aEl Deseado de todas las gentes /
_cElena G. de White.
250 _aPrimera edición.
264 1 _aFlorida :
_bAsociación Casa Editora Sudamericana,
_c2021.
300 _a607 páginas ;
_c20 centímetros
336 _atext
_2rdacontent
337 _aunmediated
_2rdamedia
338 _avolume
_2rdacarrier
505 0 _aDios con nosotros -- El pueblo elegido -- "El cumplimiento del tiempo" -- Un Salvador ha nacido -- La dedicación -- "Su estrella hemos visto" -- La niñez de Cristo -- La visita pascual -- Días de conflicto -- La voz en el desierto -- El bautismo -- La tentación -- La victoria -- "Hemos hallado al Mesías" -- En las bodas de Caná -- En su templo -- Nicodemo -- "Es necesario que él crezca" -- Junto al pozo de Jacob -- "Si no ven señales y milagros" -- Betesda y el Sanedrín -- Encarcelamiento y muerte de Juan -- "El reino se ha acercado" -- "¿No es este el hijo del carpintero?" -- El llamamiento a orillas del mar -- En Capernaum -- "Puedes limpiarme" -- Leví Mateo -- El sábado -- La ordenación de los Doce -- EI Sermón del Monte -- El centurión -- “¿Quiénes son mis hermanos?” -- La invitación -- "Calla, enmudece -- El toque de fe -- Los primeros evangelistas -- "Vengan, descansen un poco" -- "Denles ustedes de comer" -- Una noche sobre el lago -- La crisis en Galilea -- La tradición -- Barreras quebrantadas -- La verdadera señal -- Presagios de la cruz -- La transfiguración -- "Nada será imposible” -- ¿Quién es el mayor? -- La Fiesta de los tabernáculos -- Entre trampas -- "La luz de la vida” -- El divino Pastor -- El último viaje desde Galilea -- El buen samaritano -- Sin manifestación exterior -- "Dejen que los niños vengan a mí” -- "Una sola cosa te falta" -- "Lázaro, sal fuera!" -- Conspiraciones sacerdotales -- La ley del nuevo reino -- Zaqueo -- La fiesta en casa de Simón -- "Tu Rey viene" -- Un pueblo condenado -- Cristo purifica de nuevo el templo -- Controversias -- Ayes sobre los fariseos -- En el atrio exterior -- En el Monte de los Olivos -- "Mis hermanos más pequeños" -- Un Siervo de siervos -- "En memoria de mí" -- "No se angustien” -- Getsemaní -- Ante Anás y Caifás -- Judas -- En el tribunal de Pilato -- Calvario -- "Consumado es" -- En la tumba de José -- "El Señor ha resucitado” -- "¿Por qué lloras?" -- El viaje a Emaús -- "Paz a ustedes" -- De nuevo a orillas del mar -- Vayan, adoctrinen a todas las naciones -- "Mi Padre, que es Padre de ustedes".
526 _aSEG42
526 _aSEG41
526 _aSEG40
526 _aSEG39
526 _aP94
526 _aP87
526 _aP86
526 _aP85
526 _aP77
526 _aP76
526 _aP35
600 1 4 _aJesucristo
_vBiografía
_9935
600 2 4 _aJesucristo
_xEnseñanzas
_9933
650 0 0 _aCristología
_9989
700 _aBlath, Claudia
_eTraductora
_9990
856 4 2 _uhttps://media2.egwwritings.org/swf/es_DTG(DA)/index.html.
942 _2ddc
_cBK
949 _aW232.9 DTG 2007
_wDEWEY
_c3
_iFJ07357
_d2017-6-15
_e2017-6-14
_f2017-12-28
_g1
_lCCODEBUJ1
_mBUJ
_n2
_p10.00
_r0
_sY
_tBOOK
_u2017-3-21
_xBIBLIOTECA
_zUNKNOWN
_0COMPRA
_o.STAFF. Colección General Juliaca
949 _aW232.9 DTG 2007
_wDEWEY
_c4
_iFJ07358
_d2018-3-28
_e2018-3-26
_f2017-12-28
_g1
_lCCODEBUJ1
_mBUJ
_n2
_p10.00
_r0
_sY
_tBOOK
_u2017-3-21
_xBIBLIOTECA
_zUNKNOWN
_0COMPRA
_o.STAFF. Colección General Juliaca
949 _aW232.9 DTG 2007
_wDEWEY
_c5
_iFJ07359
_d2018-3-27
_e2018-3-26
_f2017-12-28
_g1
_lCCODEBUJ1
_mBUJ
_n3
_p10.00
_r0
_sY
_tBOOK
_u2017-3-21
_xBIBLIOTECA
_zUNKNOWN
_0COMPRA
_o.STAFF. Colección General Juliaca
949 _aW232.9 DTG 2007
_wDEWEY
_c6
_iFJ07360
_d2018-3-28
_e2018-3-26
_f2017-12-28
_g1
_lCCODEBUJ1
_mBUJ
_n3
_p10.00
_r0
_sY
_tBOOK
_u2017-3-21
_xBIBLIOTECA
_zUNKNOWN
_0COMPRA
_o.STAFF. Colección General Juliaca
949 _aW232.9 DTG 2007
_wDEWEY
_c7
_iFJ07361
_d2018-3-28
_e2018-3-27
_f2017-12-28
_g1
_lCCODEBUJ1
_mBUJ
_n2
_p10.00
_q1
_r0
_sY
_tBOOK
_u2017-3-21
_xBIBLIOTECA
_zUNKNOWN
_0COMPRA
_o.STAFF. Colección General Juliaca
949 _aW286.7325 DTG 2007
_wDEWEY
_c1
_iFT01831
_d2017-11-20
_e2017-11-17
_lCCODEBUT1
_mBUT
_n3
_p20.00
_r0
_sY
_tBOOK
_u2016-8-25
_xBIBLIOTECA
_zUNKNOWN
_0DONACION
_o.STAFF. Centro White
949 _aW286.7325 DTG 2007
_wDEWEY
_c1
_iFT01832
_lCCODEBUT1
_mBUT
_p3.00
_r0
_sY
_tBOOK
_u2016-8-25
_xBIBLIOTECA
_zUNKNOWN
_0DONACION
_o.STAFF. Colección General
980 _621515
_aDIGNA BRAÑES Analista Documental y Adquisiciones
_818226
_gJaime Vilcazán Jefe de Análisis Documental
999 _c61754
_d61754